| 000 | 00601nam a2200181Ia 4500 | ||
|---|---|---|---|
| 003 | OSt | ||
| 005 | 20260328113052.0 | ||
| 008 | 211028s2010 xx 000 0 und d | ||
| 040 | _cAIMIT LIBRARY | ||
| 041 | _aeng | ||
| 082 | _a658.3 REKH | ||
| 100 |
_aRekha D;Krishnan, Renjith. _g816037 _96481 |
||
| 245 | _aTo identify the market potential for the potential customers for innovative learning system in Mangalore offered by 10on 10 Banglore / | ||
| 260 |
_bKrishnan, Renjith _c2010 |
||
| 600 |
_aHuman Resource Management _96482 |
||
| 650 |
_aHuman Resource Management _96483 |
||
| 942 |
_2ddc _cPRO |
||
| 999 |
_c218252 _d218252 |
||